000 00679 a2200229 4500
999 _c26526
_d26526
003 OSt
005 20230703131823.0
008 230703b ||||| |||| 00| 0 eng d
020 _a9789389552454
_cRs750.00
040 _cimu-kc
041 0 _aeng
082 0 0 _a658.4092
_bY949
100 _aYukl, Gary
_95590
245 _aLeadership in organizations /
_cGary Yukl, William L. Gardner III, and Nishant Uppal
250 _a9th ed.
260 _aNoida :
_bPearson india education services pvt. ltd.,
_c2022.
300 _axxii, 538 p. ;
_c24 cm.
650 0 _aExecutive leadership
700 _95592
_aGardner, William L.
700 _95593
_aUppal, Nishant
942 _2ddc
_cBK